00530nam a2200193Ia 4500008004100000020001800041050001400059100001900073245003000092245009500122245002500217260001500242260001600257260000900273300001600282300002000298300001000318500000800328170918s9999 xx 000 0 und d a9780439256135 bY811 1999 aYoungs, Bettie aTaste berries for teens : binspirational short stories and encouragement on life, love, friendship and tough issues / cby Bettie B. Youngs. aNew York : bScholastic, c1999 a144 pages : billustrations ; c21cm. a970